Terraria Biomes - Statistics

General Stats
  • This quiz has been taken 289 times
  • The average score is 13 of 18
Answer Stats
Hint Answer % Correct
Starting biome guaranteed Forest/Plains
96%
Vultures Desert
95%
1/2 chance in every world Corruption
93%
1/2 chance in every world Crimson
92%
We Need to Go Deeper (achievement) Hell
89%
Rainbows and unicorns Hallow
87%
Golden chests Underground
83%
Infamous for its underground Jungle
82%
Deeper Underground Cavern Layer
74%
Demon Altars Underground Corruption
69%
Crimson Altars Underground Crimson
69%
Fossils Underground Desert
69%
Queen Slime Spawn Underground Hallow
64%
Blizzard event Tundra
63%
The world border Beach
61%
Said infamous underground (q4) Underground Jungle
52%
Blizzard event but in a bottle Underground Tundra
46%
Ranger's specialty biome Underground Mushroom/Blue Mushroom
19%
No matching quizzes found
Score Distribution
Percent of People with Each Score
Percentile by Number Answered
Your Score History
You have not taken this quiz